[Event "Schachfestival Basel"]
[Site "Basel"]
[Date "2018.01.04"]
[Round "4.19"]
[White "Weber, Dominik"]
[Black "Dekan, Hans"]
[Result "0-1"]
[WhiteElo "2043"]
[BlackElo "2138"]
[PlyCount "88"]
[EventDate "2018.01.??"]
[EventType "swiss"]
[EventRounds "9"]
[EventCountry "SUI"]
[SourceDate "2018.01.02"]

1. d4 d5 2. Nf3 c6 3. e3 Bg4 4. Nbd2 Nf6 5. Bd3 Nbd7 6. h3 Bh5 7. c3 Qc7 8. Qc2
e5 9. dxe5 Nxe5 10. Nxe5 Qxe5 11. b3 Bc5 12. Nf3 Bxf3 13. gxf3 d4 14. f4 Qe7
15. cxd4 Bxd4 16. Bb2 Bxb2 17. Qxb2 O-O-O 18. O-O-O g6 19. Qe5 Rhe8 20. Qxe7
Rxe7 21. Bc4 Rxd1+ 22. Kxd1 Ne4 23. Rf1 b5 24. Bd3 Nc3+ 25. Kd2 Nxa2 26. f5 Kb7
27. fxg6 hxg6 28. f4 Nb4 29. Bb1 Rd7+ 30. Ke2 Nd5 31. Kf3 Nc3 32. e4 Nxb1 33.
Rxb1 a5 34. Kg4 Rd4 35. Re1 Rd3 36. e5 Rxb3 37. h4 a4 38. Kg5 Rf3 39. h5 gxh5
40. f5 a3 41. Rd1 b4 42. Rd4 c5 43. Rd7+ Kb6 44. Rd6+ Kb5 0-1

[Event "Schachfestival Basel"]
[Site "Basel"]
[Date "2018.01.04"]
[Round "4.20"]
[White "Nyffenegger, Michael"]
[Black "Fischer, Daniel"]
[Result "0-1"]
[WhiteElo "2035"]
[BlackElo "2123"]
[PlyCount "56"]
[EventDate "2018.01.??"]
[EventType "swiss"]
[EventRounds "9"]
[EventCountry "SUI"]
[SourceDate "2018.01.02"]

1. d4 Nf6 2. c4 e6 3. g3 d5 4. Nf3 Be7 5. Bg2 O-O 6. O-O c6 7. Qc2 b6 8. Nbd2
Nbd7 9. e4 dxc4 10. Nxc4 Bb7 11. Rd1 c5 12. Nfe5 cxd4 13. Rxd4 Qc7 14. Bf4 Nxe5
15. Bxe5 Qc6 16. Qe2 Rad8 17. Rad1 Rxd4 18. Rxd4 Ba6 19. b3 Qc5 20. Bxf6 Bxf6
21. Rd7 b5 22. Qe3 Qc8 23. Rxa7 bxc4 24. e5 Bxe5 25. Qxe5 cxb3 26. Rc7 b2 27.
Be4 Qd8 28. Kg2 Qd1 0-1

[Event "Schachfestival Basel"]
[Site "Basel"]
[Date "2018.01.04"]
[Round "4.21"]
[White "Bhend, Edwin"]
[Black "Ananya, Rishi Gupta"]
[Result "1/2-1/2"]
[WhiteElo "2123"]
[BlackElo "1945"]
[PlyCount "29"]
[EventDate "2018.01.??"]
[EventType "swiss"]
[EventRounds "9"]
[EventCountry "SUI"]
[SourceDate "2018.01.02"]

1. d4 d5 2. Nc3 Nf6 3. Bg5 Bf5 4. e3 Nbd7 5. Bd3 Bxd3 6. cxd3 c5 7. Nf3 cxd4 8.
Bxf6 Nxf6 9. Qa4+ Nd7 10. Qxd4 e6 11. O-O a6 12. e4 dxe4 13. dxe4 Qb6 14. Rfd1
Qxd4 15. Nxd4 1/2-1/2

[Event "Schachfestival Basel"]
[Site "Basel"]
[Date "2018.01.04"]
[Round "4.23"]
[White "Schaefer, Reyk"]
[Black "Jud, Marc"]
[Result "1-0"]
[WhiteElo "2162"]
[BlackElo "2022"]
[PlyCount "77"]
[EventDate "2018.01.??"]
[EventType "swiss"]
[EventRounds "9"]
[EventCountry "SUI"]
[SourceDate "2018.01.02"]

1. d4 Nf6 2. c4 g6 3. Nc3 d5 4. cxd5 Nxd5 5. e4 Nxc3 6. bxc3 Bg7 7. Be3 c5 8.
Qd2 cxd4 9. cxd4 O-O 10. Rc1 Nc6 11. d5 Ne5 12. Be2 f6 13. Nf3 Nf7 14. O-O Bd7
15. Qb4 b5 16. Nd4 a5 17. Qb1 b4 18. Nc6 Bxc6 19. Rxc6 Qd7 20. Rfc1 Nd6 21. Bd4
Rfc8 22. Ba6 Rxc6 23. Rxc6 Qg4 24. f3 Qf4 25. Qd3 Bh6 26. Rc2 Nf7 27. g3 Qd6
28. Bc8 Ne5 29. Qe2 g5 30. Be6+ Kh8 31. Kg2 Rb8 32. Bf5 a4 33. Bc5 Qd8 34. Bxb4
Kg7 35. a3 Nf7 36. Qa6 Qe8 37. Qa7 Rxb4 38. axb4 Nd6 39. Bd7 1-0

[Event "Schachfestival Basel"]
[Site "Basel"]
[Date "2018.01.04"]
[Round "4.24"]
[White "Sadeghi, Hassan Roger"]
[Black "Goldie, Thomas"]
[Result "0-1"]
[WhiteElo "2089"]
[BlackElo "2098"]
[PlyCount "88"]
[EventDate "2018.01.??"]
[EventType "swiss"]
[EventRounds "9"]
[EventCountry "SUI"]
[SourceDate "2018.01.02"]

1. f4 d5 2. Nf3 g6 3. g3 Bg7 4. Bg2 Nf6 5. O-O O-O 6. d3 c5 7. c3 Nc6 8. Na3 a6
9. Qe1 Bf5 10. h3 h5 11. Nh4 Bd7 12. e4 dxe4 13. dxe4 e5 14. f5 Ne7 15. Bg5 Bc6
16. Qe3 b6 17. Rf2 Kh7 18. Raf1 Neg8 19. Qe2 Bh6 20. Bxh6 Nxh6 21. Qe3 g5 22.
Nf3 Nxe4 23. Nxe5 Nxf2 24. Nxc6 Nxh3+ 25. Bxh3 Qf6 26. Bg2 Rfe8 27. Qd3 b5 28.
Nc2 Ng4 29. Qf3 Rac8 30. Rd1 Rc7 31. Qd5 Re2 32. Rd2 Rxg2+ 33. Kxg2 Qxc6 34.
Kf3 Ne5+ 35. Ke4 Nc4 36. Rd1 Re7+ 37. Kf3 g4+ 38. Kf2 Qxd5 39. Rxd5 Nxb2 40. f6
Re6 41. Rxh5+ Kg6 42. Rh4 Nd1+ 43. Kf1 Ne3+ 44. Nxe3 Rxe3 0-1

[Event "Schachfestival Basel"]
[Site "Basel"]
[Date "2018.01.04"]
[Round "4.25"]
[White "Beck, Michael"]
[Black "Wirz, Heinz"]
[Result "1-0"]
[WhiteElo "2084"]
[BlackElo "2103"]
[PlyCount "109"]
[EventDate "2018.01.??"]
[EventType "swiss"]
[EventRounds "9"]
[EventCountry "SUI"]
[SourceDate "2018.01.02"]

1. e4 e6 2. d3 d5 3. Nd2 c5 4. g3 Nc6 5. Bg2 Nf6 6. Ngf3 Be7 7. O-O Qc7 8. Re1
b6 9. Qe2 Bb7 10. c3 O-O-O 11. e5 Nd7 12. Nf1 h6 13. d4 Kb8 14. Be3 g5 15. Rab1
g4 16. N3d2 h5 17. a3 Rdg8 18. b4 c4 19. a4 Bg5 20. Bxg5 Rxg5 21. Ne3 Ne7 22.
Ndf1 Nf8 23. Rb2 Nh7 24. b5 Rg6 25. Reb1 Ng5 26. a5 h4 27. Nxg4 hxg3 28. fxg3
Nh3+ 29. Bxh3 Rxh3 30. Nfe3 Qd8 31. a6 Bc8 32. Qf1 Rh7 33. Rf2 Nf5 34. Nxf5
exf5 35. Nf6 Rh8 36. Rf4 Be6 37. Qf3 Rgh6 38. h4 Rg6 39. Kf2 Rxf6 40. exf6 Qxf6
41. Re1 Qd8 42. Qe3 Qd6 43. Qe5 Rd8 44. Qxd6+ Rxd6 45. Re5 Bd7 46. Rfxf5 Bxb5
47. Rxf7 Rd8 48. Ree7 Bxa6 49. Rxa7 Bc8 50. Rae7 Bg4 51. Rf6 Bd7 52. Rxb6+ Kc7
53. Rf6 Kc8 54. h5 Rh8 55. h6 1-0

[Event "Schachfestival Basel"]
[Site "Basel"]
[Date "2018.01.05"]
[Round "5.2"]
[White "Firat, Burak"]
[Black "Harff, Marcel"]
[Result "1/2-1/2"]
[WhiteElo "2453"]
[BlackElo "2375"]
[PlyCount "27"]
[EventDate "2018.01.??"]
[EventType "swiss"]
[EventRounds "9"]
[EventCountry "SUI"]
[SourceDate "2018.01.02"]

1. c4 e5 2. e3 Nf6 3. Nc3 Bb4 4. Na4 Be7 5. a3 c5 6. d3 d5 7. cxd5 Nxd5 8. Nf3
Nc6 9. Bd2 Nc7 10. Rc1 Ne6 11. Be2 O-O 12. O-O Rb8 13. Qc2 Bd7 14. Rfd1 1/2-1/2

[Event "Schachfestival Basel"]
[Site "Basel"]
[Date "2018.01.05"]
[Round "5.3"]
[White "Milov, Vadim"]
[Black "Beukema, Jasper"]
[Result "1-0"]
[WhiteElo "2589"]
[BlackElo "2249"]
[PlyCount "113"]
[EventDate "2018.01.??"]
[EventType "swiss"]
[EventRounds "9"]
[EventCountry "SUI"]
[SourceDate "2018.01.02"]

1. c4 e6 2. Nc3 d5 3. d4 Be7 4. cxd5 exd5 5. Bf4 c6 6. e3 Bd6 7. Bg3 Bf5 8. Nf3
Bxg3 9. hxg3 h6 10. Qb3 Qb6 11. Be2 Nd7 12. Na4 Qxb3 13. axb3 a6 14. b4 Ngf6
15. Nc5 Rb8 16. Nd2 Nb6 17. f3 O-O 18. Kf2 Rfe8 19. g4 Bg6 20. Ra3 Nc8 21. Ndb3
Nd6 22. Na5 Nh7 23. Nd7 Rbc8 24. Ne5 Nf8 25. Rc1 f6 26. Nxb7 Nxb7 27. Nxc6 Nd6
28. Rxa6 Nd7 29. Rc3 Bf7 30. b5 Kf8 31. Bd3 Rc7 32. b6 Rb7 33. Ra7 Be6 34. Rxb7
Nxb7 35. Ba6 Nd6 36. b7 g5 37. b4 Nb8 38. b5 Bd7 39. Na7 Ke7 40. Rc5 Ke6 41.
Nc8 Rd8 42. Nb6 Be8 43. Rc8 Nxc8 44. bxc8=Q+ Rxc8 45. Nxc8 Kd7 46. Nb6+ Kd6 47.
Ke1 h5 48. gxh5 Bxh5 49. Na4 f5 50. Bb7 Nd7 51. Bc8 Be8 52. b6 f4 53. exf4 gxf4
54. b7 Nb8 55. Nc3 Nc6 56. Ne2 Kc7 57. Kd2 1-0

[Event "Schachfestival Basel"]
[Site "Basel"]
[Date "2018.01.05"]
[Round "5.4"]
[White "Meijers, Viesturs"]
[Black "Beukema, Stefan"]
[Result "1/2-1/2"]
[WhiteElo "2477"]
[BlackElo "2403"]
[PlyCount "131"]
[EventDate "2018.01.??"]
[EventType "swiss"]
[EventRounds "9"]
[EventCountry "SUI"]
[SourceDate "2018.01.02"]

1. e4 e5 2. Nf3 Nc6 3. Bb5 Nge7 4. d4 exd4 5. Nxd4 g6 6. Nxc6 bxc6 7. Qd4 Rg8
8. Bd3 Bg7 9. Qe3 d5 10. Nd2 f5 11. exf5 Bxf5 12. Bxf5 gxf5 13. O-O Qd6 14. Re1
Kd7 15. Nf3 Ng6 16. c3 c5 17. Qd3 Raf8 18. Qb5+ Qc6 19. Qa5 f4 20. Bd2 Rf5 21.
b4 Ne5 22. Nxe5+ Bxe5 23. Qxc5 Qxc5 24. bxc5 Kc6 25. f3 Kxc5 26. Rab1 a5 27. c4
dxc4 28. Re4 Rfg5 29. g4 fxg3 30. Bxg5 Rxg5 31. f4 Bd4+ 32. Kg2 Rg7 33. hxg3 c3
34. Rd1 Rd7 35. f5 Kc4 36. f6 c2 37. Rc1 Kd3 38. Rf4 Be3 39. Rf3 Rf7 40. Re1
Kd2 41. Rfxe3 c1=Q 42. R3e2+ Kd3 43. Rxc1 Kxe2 44. Rc6 Ke3 45. Kh3 Kd4 46. Kg4
Ke5 47. Kg5 a4 48. a3 Kd5 49. Ra6 c5 50. Rxa4 c4 51. Ra8 Rc7 52. Kf5 c3 53.
Rd8+ Kc4 54. Rd1 c2 55. Rc1 Kd5 56. g4 Kd6 57. g5 Rc5+ 58. Kg4 Ke6 59. a4 Kf7
60. Kh5 Rc3 61. a5 h6 62. gxh6 Rc5+ 63. Kg4 Kxf6 64. a6 Kg6 65. a7 Ra5 66. Rxc2
1/2-1/2

[Event "Schachfestival Basel"]
[Site "Basel"]
[Date "2018.01.05"]
[Round "5.5"]
[White "Kerigan, Demre"]
[Black "Simon, Ralf Axel"]
[Result "1-0"]
[WhiteElo "2340"]
[BlackElo "2146"]
[PlyCount "48"]
[EventDate "2018.01.??"]
[EventType "swiss"]
[EventRounds "9"]
[EventCountry "SUI"]
[SourceDate "2018.01.02"]

1. e4 e5 2. Nf3 Nc6 3. Nc3 Nf6 4. d4 exd4 5. Nxd4 Bb4 6. Nxc6 bxc6 7. Bd3 O-O
8. O-O d5 9. exd5 cxd5 10. h3 c6 11. Qf3 Rb8 12. Bf4 Bd6 13. b3 Rb4 14. Ne2 Re8
15. c4 Bxf4 16. Nxf4 Ba6 17. Rfd1 Qc7 18. Re1 Re5 19. Nh5 Qe7 20. Nxf6+ gxf6
21. Qg3+ Kf8 22. f4 Qc5+ 23. Kh2 Rxe1 24. Rxe1 dxc4 1-0

[Event "Schachfestival Basel"]
[Site "Basel"]
[Date "2018.01.05"]
[Round "5.6"]
[White "Faibisovich, Vadim Z"]
[Black "Karthik, Venkataraman"]
[Result "1-0"]
[WhiteElo "2325"]
[BlackElo "2476"]
[PlyCount "71"]
[EventDate "2018.01.??"]
[EventType "swiss"]
[EventRounds "9"]
[EventCountry "SUI"]
[SourceDate "2018.01.02"]

1. d4 Nf6 2. Nf3 d5 3. g3 e6 4. Bg2 b5 5. O-O Bb7 6. c3 Nbd7 7. Bg5 Bd6 8. Nbd2
O-O 9. Re1 h6 10. Bxf6 Nxf6 11. Ne5 c5 12. f4 a5 13. e3 Qe7 14. Nb3 cxd4 15.
exd4 b4 16. Nd2 bxc3 17. bxc3 Rfc8 18. Rc1 a4 19. Qf3 Rc7 20. f5 Rac8 21. fxe6
fxe6 22. Bh3 Ne4 23. Nxe4 dxe4 24. Qg4 Bd5 25. Rxe4 Rxc3 26. Rce1 Rc1 27. Nd3
Rxe1+ 28. Rxe1 Rc2 29. Nf4 Qf6 30. Qd1 Rxa2 31. Bxe6+ Bxe6 32. Rxe6 Qd8 33. Qb1
Rd2 34. Qe1 Rxd4 35. Re8+ Bf8 36. Qe6+ 1-0

[Event "Schachfestival Basel"]
[Site "Basel"]
[Date "2018.01.05"]
[Round "5.7"]
[White "Woellermann, Jan"]
[Black "Lee, Qing Aun"]
[Result "1/2-1/2"]
[WhiteElo "2392"]
[BlackElo "2277"]
[PlyCount "102"]
[EventDate "2018.01.??"]
[EventType "swiss"]
[EventRounds "9"]
[EventCountry "SUI"]
[SourceDate "2018.01.02"]

1. d4 Nf6 2. c4 c5 3. d5 b5 4. cxb5 a6 5. bxa6 Bxa6 6. Nc3 d6 7. e4 Bxf1 8.
Kxf1 g6 9. g3 Bg7 10. Nf3 Nbd7 11. Kg2 O-O 12. a4 Qb6 13. Qc2 Rfb8 14. Nb5 Ne8
15. Bg5 Kf8 16. Nd2 Qb7 17. Ra3 Nb6 18. Nc3 Nc7 19. a5 Nd7 20. Nc4 Qa6 21. Ra4
Nb5 22. Nxb5 Qxb5 23. Rha1 Ra6 24. Bd2 Ne5 25. Nxe5 Bxe5 26. Bc3 Bg7 27. Bxg7+
Kxg7 28. R1a2 f6 29. Qc4 Qb7 30. h4 h5 31. R4a3 Qa7 32. Qc3 Rb5 33. f3 Qb7 34.
b3 Rb4 35. Qd3 Rd4 36. Qe2 Rb4 37. Qd3 Rd4 38. Qe2 Rb4 39. Qc2 Qb5 40. Kf2 c4
41. bxc4 Rxc4 42. Qe2 Qc5+ 43. Kg2 Qc8 44. Rb3 Rxa5 45. Rxa5 Rc2 46. Ra2 Rxe2+
47. Rxe2 Kf7 48. Rbb2 Qc4 49. Rec2 Qd4 50. Rb7 Qd3 51. Rcc7 Qe2+ 1/2-1/2

[Event "Schachfestival Basel"]
[Site "Basel"]
[Date "2018.01.05"]
[Round "5.8"]
[White "Akshat, Kamparia"]
[Black "Maerevoet, Sim"]
[Result "1-0"]
[WhiteElo "2381"]
[BlackElo "2270"]
[PlyCount "45"]
[EventDate "2018.01.??"]
[EventType "swiss"]
[EventRounds "9"]
[EventCountry "SUI"]
[SourceDate "2018.01.02"]

1. d4 d5 2. c4 c6 3. Nc3 Nf6 4. e3 a6 5. Nf3 e6 6. Be2 dxc4 7. a4 c5 8. Bxc4
Nc6 9. O-O cxd4 10. exd4 Be7 11. Bg5 O-O 12. Qd2 b6 13. Rad1 Bb7 14. Qe2 Nb4
15. Ne5 Nfd5 16. Bd2 Ra7 17. Ne4 Qa8 18. f3 Rd8 19. Bxb4 Bxb4 20. Nxf7 Kxf7 21.
Ng5+ Kf6 22. Qxe6+ Kxg5 23. h4+ 1-0

[Event "Schachfestival Basel"]
[Site "Basel"]
[Date "2018.01.05"]
[Round "5.9"]
[White "Faraone, Ettore"]
[Black "Paul, Johannes"]
[Result "1-0"]
[WhiteElo "2079"]
[BlackElo "2331"]
[PlyCount "87"]
[EventDate "2018.01.??"]
[EventType "swiss"]
[EventRounds "9"]
[EventCountry "SUI"]
[SourceDate "2018.01.02"]

1. e4 e6 2. d4 d5 3. Nd2 Nf6 4. e5 Nfd7 5. Bd3 c5 6. c3 Nc6 7. Qg4 cxd4 8. cxd4
Nb4 9. Bb1 Qc7 10. Kd1 b5 11. h4 a5 12. Rh3 Ba6 13. a3 Nc6 14. b3 b4 15. a4
O-O-O 16. Bb2 Kb7 17. Qf3 f6 18. exf6 gxf6 19. Bd3 Bxd3 20. Qxd3 Rg8 21. Rc1
Rxg2 22. Ne2 Bh6 23. Qb5+ Nb6 24. Rf3 Rdg8 25. Rc5 f5 26. Nc1 Rg1+ 27. Ke2 Rc8
28. Nd3 Bg7 29. Rxc6 Qxc6 30. Nc5+ Kb8 31. Qxa5 Bf8 32. Na6+ Kb7 33. Nxb4 Bxb4
34. Qxb4 Ka6 35. Rc3 Qe8 36. a5 Na8 37. Qd6+ Ka7 38. Rc5 Rxc5 39. Qxc5+ Ka6 40.
Qd6+ Kxa5 41. Nc4+ dxc4 42. Bc3+ Kb5 43. bxc4+ Kxc4 44. Qc5+ 1-0

[Event "Schachfestival Basel"]
[Site "Basel"]
[Date "2018.01.05"]
[Round "5.10"]
[White "Hamblok, Roel"]
[Black "Biastoch, Bennet"]
[Result "1/2-1/2"]
[WhiteElo "2292"]
[BlackElo "2234"]
[PlyCount "37"]
[EventDate "2018.01.??"]
[EventType "swiss"]
[EventRounds "9"]
[EventCountry "SUI"]
[SourceDate "2018.01.02"]

1. d4 d5 2. Bf4 Nf6 3. e3 c5 4. c3 Nc6 5. Nd2 Bf5 6. Ngf3 Qb6 7. Nh4 Be4 8. Qb3
c4 9. Qxb6 axb6 10. Bg5 Nd7 11. f3 Bg6 12. e4 e6 13. Kf2 Bd6 14. e5 Be7 15.
Bxe7 Kxe7 16. Be2 b5 17. a3 Nb6 18. Nxg6+ fxg6 19. f4 1/2-1/2

[Event "Schachfestival Basel"]
[Site "Basel"]
[Date "2018.01.05"]
[Round "5.11"]
[White "Aeschbach, Philipp"]
[Black "Wenner, Tobias"]
[Result "1/2-1/2"]
[WhiteElo "2304"]
[BlackElo "2145"]
[PlyCount "123"]
[EventDate "2018.01.??"]
[EventType "swiss"]
[EventRounds "9"]
[EventCountry "SUI"]
[SourceDate "2018.01.02"]

1. c4 f5 2. g3 Nf6 3. Bg2 d6 4. Nc3 g6 5. d3 Bg7 6. e4 Nc6 7. Nge2 e5 8. O-O
O-O 9. Nd5 Nxd5 10. cxd5 Nd4 11. Nxd4 exd4 12. b4 a5 13. b5 a4 14. Rb1 b6 15.
Qc2 Bd7 16. Bd2 Ra7 17. a3 fxe4 18. dxe4 Qe8 19. Qd3 Rf7 20. Rfc1 Kh8 21. Rc2
h6 22. Be1 Kh7 23. f3 Be5 24. f4 Bg7 25. Bf2 Re7 26. h3 Ra5 27. Rcb2 Rf7 28.
Kh2 Re7 29. Bf3 Kg8 30. Rb4 Kh7 31. R4b2 Kg8 32. Kg2 Kh7 33. g4 Rf7 34. Bg3 Re7
35. h4 Kg8 36. Bf2 Rf7 37. f5 gxf5 38. exf5 Be5 39. Bxd4 Bxb5 40. Qd2 Bc4 41.
Bxe5 Qxe5 42. Re1 Rxd5 43. Bxd5 Bxd5+ 44. Kh3 Be4 45. Qxh6 Bg2+ 46. Rxg2 Qxe1
47. Qg5+ Kf8 48. Qd8+ Kg7 49. Qg5+ Kf8 50. f6 Qf1 51. Qh6+ Kg8 52. Qg6+ Kf8 53.
Qh6+ Kg8 54. Qg6+ Kf8 55. g5 Qf3+ 56. Rg3 Qf1+ 57. Kg4 Qe2+ 58. Rf3 Qg2+ 59.
Kf4 Qh2+ 60. Kg4 Qg2+ 61. Kf4 Qh2+ 62. Kg4 1/2-1/2

[Event "Schachfestival Basel"]
[Site "Basel"]
[Date "2018.01.05"]
[Round "5.12"]
[White "Yakimenko, Alexander A"]
[Black "Meier, Volker"]
[Result "1-0"]
[WhiteElo "2146"]
[BlackElo "2284"]
[PlyCount "97"]
[EventDate "2018.01.??"]
[EventType "swiss"]
[EventRounds "9"]
[EventCountry "SUI"]
[SourceDate "2018.01.02"]

1. d4 Nf6 2. c4 g6 3. Nc3 Bg7 4. e4 d6 5. Be2 O-O 6. Nf3 e5 7. O-O Nbd7 8. Be3
c6 9. Qc2 Qe7 10. Rfe1 Ng4 11. Bg5 f6 12. Bd2 f5 13. exf5 gxf5 14. dxe5 dxe5
15. h3 Nh6 16. Bd3 Qf6 17. Bg5 Qg6 18. Bxh6 Bxh6 19. Nh4 Qf6 20. Nxf5 Bf4 21.
Ng3 Nc5 22. Bxh7+ Kh8 23. Nce4 Nxe4 24. Bxe4 Be6 25. Nh5 Qg5 26. Nxf4 Rxf4 27.
Re3 Raf8 28. b3 Qf6 29. Rf1 Rg8 30. Qc3 Bf5 31. Bxf5 Rxf5 32. Rg3 Rd8 33. Qa5
e4 34. Qxa7 Rd2 35. Qb8+ Kh7 36. Qxb7+ Kh6 37. Qa7 c5 38. Kh2 Qe5 39. Qa6+ Rf6
40. Qc8 Rg6 41. Qf8+ Kh5 42. Qf7 Rdd6 43. Re1 Kh6 44. Qf8+ Kh7 45. Qf3 Rde6 46.
Qe3 Rh6 47. Kg1 Rh4 48. Rg5 Qd4 49. Rxc5 1-0

[Event "Schachfestival Basel"]
[Site "Basel"]
[Date "2018.01.05"]
[Round "5.13"]
[White "Kappeler, Kaspar"]
[Black "Pupier, Terry"]
[Result "1-0"]
[WhiteElo "2280"]
[BlackElo "2107"]
[PlyCount "105"]
[EventDate "2018.01.??"]
[EventType "swiss"]
[EventRounds "9"]
[EventCountry "SUI"]
[SourceDate "2018.01.02"]

1. d4 Nf6 2. c4 e6 3. g3 Bb4+ 4. Bd2 Qe7 5. Nf3 O-O 6. Bg2 a5 7. O-O Bxd2 8.
Qxd2 d6 9. Nc3 Nbd7 10. Rac1 Nb6 11. b3 Rd8 12. Rfd1 Bd7 13. Nh4 Bc6 14. e4 a4
15. Qc2 axb3 16. axb3 Ra3 17. h3 Ne8 18. Qb2 Raa8 19. f4 e5 20. Nf5 Qf8 21. d5
Bd7 22. Ne3 Qe7 23. f5 Qg5 24. Qf2 Ra3 25. h4 Qe7 26. Qb2 Ra7 27. Bf3 Rda8 28.
Ra1 Qd8 29. Kg2 Rxa1 30. Rxa1 Rxa1 31. Qxa1 Qa8 32. Qxa8 Nxa8 33. b4 Nb6 34. c5
Na8 35. Nc4 Kf8 36. g4 Ke7 37. g5 f6 38. Bh5 b6 39. c6 Bc8 40. Kg3 Kf8 41. Bxe8
Kxe8 42. gxf6 gxf6 43. Kg4 b5 44. Nxb5 Ba6 45. Nba3 Nb6 46. b5 Bxb5 47. Nxd6+
cxd6 48. Nxb5 Nc8 49. Kh5 Kf7 50. Kh6 Kg8 51. Nc7 Kf8 52. Kxh7 Kf7 53. Nb5 1-0

[Event "Schachfestival Basel"]
[Site "Basel"]
[Date "2018.01.05"]
[Round "5.14"]
[White "Dekan, Hans"]
[Black "Roseneck, Jonas"]
[Result "0-1"]
[WhiteElo "2138"]
[BlackElo "2279"]
[PlyCount "88"]
[EventDate "2018.01.??"]
[EventType "swiss"]
[EventRounds "9"]
[EventCountry "SUI"]
[SourceDate "2018.01.02"]

1. e4 c5 2. Nf3 d6 3. d4 cxd4 4. Qxd4 Nc6 5. Bb5 Bd7 6. Bxc6 Bxc6 7. O-O Nf6 8.
Nc3 h6 9. Be3 e6 10. Rad1 Be7 11. e5 dxe5 12. Qxd8+ Bxd8 13. Nxe5 Bd5 14. Nxd5
Nxd5 15. c4 Nxe3 16. fxe3 Bf6 17. Ng4 Bxb2 18. Rb1 Ba3 19. Rxb7 O-O 20. Ne5 f6
21. Ng6 Rf7 22. Rfb1 Bc5 23. Kf2 Bb6 24. Ne7+ Kf8 25. Ng6+ Ke8 26. Rxf7 Kxf7
27. Nf4 Rc8 28. Rc1 Ke7 29. Ke2 Rc5 30. Nd3 Ra5 31. Rc2 Kd6 32. h3 g5 33. g4 f5
34. Kf3 Bc5 35. Ke2 Ra3 36. Rd2 Rc3 37. Nb2+ Ke5 38. Rd3 Rc2+ 39. Rd2 Rxd2+ 40.
Kxd2 Ke4 41. Nd1 fxg4 42. hxg4 Kf3 43. Kd3 Kxg4 44. Nc3 Kf3 0-1

[Event "Schachfestival Basel"]
[Site "Basel"]
[Date "2018.01.05"]
[Round "5.15"]
[White "Fischer, Daniel"]
[Black "Heinemann, Josefine"]
[Result "1/2-1/2"]
[WhiteElo "2123"]
[BlackElo "2270"]
[PlyCount "93"]
[EventDate "2018.01.??"]
[EventType "swiss"]
[EventRounds "9"]
[EventCountry "SUI"]
[SourceDate "2018.01.02"]

1. e4 c5 2. Nf3 d6 3. d4 cxd4 4. Nxd4 Nf6 5. Nc3 a6 6. Be3 e6 7. g4 e5 8. Nf5
h5 9. g5 Nxe4 10. Nxg7+ Bxg7 11. Nxe4 d5 12. Ng3 d4 13. Bd2 Qd5 14. c4 Qc6 15.
Bd3 Bg4 16. Qc2 Nd7 17. Be4 Qc7 18. Nf5 Bxf5 19. Bxf5 O-O-O 20. O-O-O Kb8 21.
b4 Nb6 22. c5 Nd5 23. Kb1 Rhe8 24. f3 e4 25. Bxe4 Ne3 26. Qd3 Nxd1 27. Rxd1 Be5
28. c6 b5 29. h4 Bf4 30. a4 Bxd2 31. Rxd2 Qb6 32. Rc2 Re7 33. axb5 Qxb5 34.
Qxb5+ axb5 35. Rc5 d3 36. Rxb5+ Ka7 37. Kc1 d2+ 38. Kd1 Rd4 39. Rd5 Rxb4 40.
Kxd2 Kb6 41. Rd8 Rexe4 42. fxe4 Rxe4 43. Rf8 Rxh4 44. Rxf7 Kxc6 45. g6 Rg4 46.
Rh7 Rxg6 47. Rxh5 1/2-1/2

[Event "Schachfestival Basel"]
[Site "Basel"]
[Date "2018.01.05"]
[Round "5.16"]
[White "Leutwyler, Martin"]
[Black "Haenggi, Markus"]
[Result "1/2-1/2"]
[WhiteElo "2188"]
[BlackElo "2065"]
[PlyCount "119"]
[EventDate "2018.01.??"]
[EventType "swiss"]
[EventRounds "9"]
[EventCountry "SUI"]
[SourceDate "2018.01.02"]

1. Nf3 d5 2. g3 Nf6 3. Bg2 Bg4 4. c4 e6 5. Qb3 Qc8 6. O-O Nbd7 7. d4 dxc4 8.
Qxc4 Nb6 9. Qb3 Be7 10. Nc3 c6 11. e4 O-O 12. Be3 c5 13. Rac1 cxd4 14. Bxd4 Qc4
15. Nd5 exd5 16. Rxc4 dxc4 17. Qc2 Rac8 18. h3 Bd7 19. Ng5 h6 20. e5 hxg5 21.
exf6 Bxf6 22. Bxf6 gxf6 23. Bxb7 Bxh3 24. Bxc8 Bxf1 25. Bf5 Bd3 26. Bxd3 cxd3
27. Qxd3 Rc8 28. Kg2 Kg7 29. b3 Rc5 30. Qa6 Nc8 31. Kf3 Rc2 32. Ke3 Rc3+ 33.
Kd4 Rc2 34. a4 Rc7 35. Qa5 Rc2 36. Qf5 Rc6 37. Qb5 Rc2 38. f4 gxf4 39. gxf4 Rc7
40. b4 Rc1 41. Qb7 Rc2 42. Kd3 Rc1 43. a5 Kf8 44. b5 Kg7 45. Qg2+ Kf8 46. Qb2
Rd1+ 47. Kc4 Rd6 48. Qg2 Rd1 49. Qc2 Rd8 50. Qh7 Ke7 51. Qe4+ Kf8 52. Kb4 Nd6
53. Qd4 Rd7 54. Qxf6 Ke8 55. Qe5+ Kd8 56. Qh8+ Ke7 57. Qb8 Rb7 58. Qa8 Rxb5+
59. Ka4 Rb7 60. Qh8 1/2-1/2

[Event "Schachfestival Basel"]
[Site "Basel"]
[Date "2018.01.05"]
[Round "5.17"]
[White "Parnali, S Dharia"]
[Black "Xheladini, Mahmut"]
[Result "1-0"]
[WhiteElo "2082"]
[BlackElo "2174"]
[PlyCount "37"]
[EventDate "2018.01.??"]
[EventType "swiss"]
[EventRounds "9"]
[EventCountry "SUI"]
[SourceDate "2018.01.02"]

1. d4 Nc6 2. Nf3 d6 3. e4 Nf6 4. Nc3 Bg4 5. d5 Bxf3 6. Qxf3 Ne5 7. Qe2 c6 8.
Bf4 Ned7 9. dxc6 bxc6 10. e5 Qb6 11. O-O-O dxe5 12. Bxe5 Nxe5 13. Qxe5 Qxf2 14.
Nb5 Nd5 15. Nc7+ Nxc7 16. Qxc7 Qe3+ 17. Kb1 Qe6 18. Bc4 Qc8 19. Rd8+ 1-0

[Event "Schachfestival Basel"]
[Site "Basel"]
[Date "2018.01.05"]
[Round "5.18"]
[White "Goldie, Thomas"]
[Black "Schwander, Lukas"]
[Result "1-0"]
[WhiteElo "2098"]
[BlackElo "2135"]
[PlyCount "121"]
[EventDate "2018.01.??"]
[EventType "swiss"]
[EventRounds "9"]
[EventCountry "SUI"]
[SourceDate "2018.01.02"]

1. e4 c6 2. d4 d5 3. Nc3 dxe4 4. Nxe4 Bf5 5. Ng3 Bg6 6. h4 h6 7. Nf3 Nd7 8. h5
Bh7 9. Bd3 Bxd3 10. Qxd3 e6 11. Bd2 Ngf6 12. O-O-O Be7 13. Kb1 O-O 14. Ne4 Nxe4
15. Qxe4 Nf6 16. Qe2 Qd5 17. Be3 Bd6 18. Rh4 b5 19. g4 Nh7 20. Bc1 Rad8 21.
Rhh1 f6 22. Nh4 Rfe8 23. f4 a5 24. Ng6 b4 25. Rh3 Qb5 26. Qe1 Bc7 27. Re3 Kf7
28. Rd2 Bb6 29. Re4 Qd5 30. c4 bxc3 31. bxc3 Bc7 32. Qe2 Qb5+ 33. Rb2 Qxe2 34.
Rbxe2 f5 35. gxf5 Nf6 36. fxe6+ Kg8 37. R4e3 Nxh5 38. Rh3 Nf6 39. Kc2 Rd5 40.
Ba3 Bd6 41. Bxd6 Rxd6 42. f5 Rd5 43. Re5 Ng4 44. Rxd5 cxd5 45. Kb3 Nf2 46. Rf3
Ne4 47. Ka4 Kh7 48. Nf4 Nf6 49. a3 Ra8 50. Rh3 Kg8 51. Rh1 Rb8 52. Kxa5 Rb3 53.
a4 Rxc3 54. Kb4 Rc4+ 55. Kb5 Rxd4 56. Ng6 Ne4 57. a5 Nd6+ 58. Kc5 Nxf5 59. Ne7+
Kf8 60. Nxf5 Rf4 61. Nd4 1-0